Т. 5 : Критика, история, публицистика. Опубликованное и подготовленное к печати; Полное собрание сочинений

Detalles Bibliográficos
Parent link:Полное собрание сочинений: в 6 т./ А. С. Пушкин; под общ. ред. С. М. Бонди, Б. В. Томашевского, М. А. Цявловского. Т. 5 : Критика, история, публицистика. Опубликованное и подготовленное к печати.— 5-е изд..— , 1937-1948
Lenguaje:ruso
Publicado: ОГИЗ, 1947
Materias:
Formato: Libro
KOHA link:https://koha.lib.tpu.ru/cgi-bin/koha/opac-detail.pl?biblionumber=359538

MARC

LEADER 00000nam2a2200000 4500
001 359538
005 20231102011211.0
035 |a (RuTPU)RU\TPU\retro\16818 
035 |a RU\TPU\retro\16817 
090 |a 359538 
100 |a 20201116d1947 m y0rusy50 ca 
101 0 |a rus 
102 |a RU 
105 |a acf z 000zb 
200 0 |a Т. 5 : Критика, история, публицистика. Опубликованное и подготовленное к печати 
210 |c ОГИЗ  |d 1947 
215 |a 615 с. 
461 1 |0 (RuTPU)RU\TPU\retro\16816  |t Полное собрание сочинений  |o в 6 т.  |f А. С. Пушкин  |g под общ. ред. С. М. Бонди, Б. В. Томашевского, М. А. Цявловского  |v Т. 5 : Критика, история, публицистика. Опубликованное и подготовленное к печати  |e 5-е изд.  |d 1937-1948 
606 1 |a Русская литература, дореволюционная  |2 stltpush  |3 (RuTPU)RU\TPU\subj\26371  |9 50314 
610 1 |a 19 век 
610 1 |a собрания сочинений 
610 1 |a статьи 
610 1 |a наброски 
610 1 |a заметки 
610 1 |a исторические исследования 
610 1 |a исторические материалы 
675 |a Р1  |v 4 
801 1 |a RU  |b 63413507  |c 20201116 
801 2 |a RU  |b 63413507  |c 20201117  |g RCR 
942 |c BK